[Event "Challenge"]
[Site "http://www.queenalice.com/game.php?id=1160657"]
[Date "2013.3.13"]
[Round "-"]
[White "SFA1979"]
[Black "don87"]
[Result "1-0"]
[WhiteElo "1512"]
[BlackElo "1074"]

1. e4 Nc6 2. Nf3 e5 3. Bc4 Nf6 4. Ng5 Qe7 5. Bxf7+ Kd8 6. d3 Nd4 7. O-O Ng8 8.
c3 Nc6 9. Qf3 Nh6 10. b4 Nd4 11. cxd4 exd4 12. Bc4 b6 13. e5 c6 14. b5 Rg8 15.
bxc6 dxc6 16. Qxc6 Rb8 17. Bxg8 Nxg8 18. Qd5+ Bd7 19. Qxg8 Bf5 20. Qd5+ Qd7 21.
Qf3 Rc8 22. e6 Qc6 23. Qxf5 Be7 24. Qxh7 Bf8 25. Nf7+ Ke8 26. Qg8 Qxe6 27. Ba3
Qxf7 28. Re1+ Qe7 29. Rxe7+ Kd8 30. Qxf8# 1-0

[Event "Challenge"]
[Site "http://www.queenalice.com/game.php?id=1160659"]
[Date "2013.3.13"]
[Round "-"]
[White "busby101"]
[Black "SFA1979"]
[Result "0-1"]
[WhiteElo "1364"]
[BlackElo "1516"]

1. e4 d6 2. d4 g6 3. f4 c6 4. c4 h5 5. h4 a5 6. a4 Bg4 7. Nf3 Na6 8. b3 Nf6 9.
Nbd2 Nb4 10. Ba3 Bg7 11. Be2 O-O 12. g3 Nxe4 13. Nxe4 Bxf3 14. Bxf3 Bxd4 15. Rh2
Bxa1 16. Qxa1 d5 17. Rd2 Nc2+ 18. Rxc2 dxe4 19. Rd2 Qb6 20. Bxe4 Qg1+ 21. Ke2
Qxa1 22. Bxe7 Rfe8 23. Rd7 Qb2+ 24. Ke3 Qxb3+ 25. Bd3 Qxa4 26. Kd4 c5+ 27. Kxc5
Qxd7 28. Bxg6 Qxe7+ 29. Kb6 fxg6 30. c5 a4 31. g4 Qe6+ 32. Kxb7 Re7+ 0-1

[Event "Challenge"]
[Site "http://www.queenalice.com/game.php?id=1160660"]
[Date "2013.3.13"]
[Round "-"]
[White "SFA1979"]
[Black "busby101"]
[Result "1-0"]
[WhiteElo "1526"]
[BlackElo "1354"]

1. e4 Nf6 2. Nc3 Nc6 3. Nf3 h5 4. d4 d6 5. Bc4 e6 6. Bb5 a6 7. Bd3 g6 8. Bg5 Qe7
9. a3 b6 10. b4 Bg7 11. e5 Nxd4 12. exf6 Bxf6 13. Be4 c6 14. Nxd4 Bd7 15. Nxc6
Bxc6 16. Bxc6+ Kd8 17. Bxf6 Kc7 18. Bxe7 Kxc6 19. Qxd6+ Kb7 20. Na4 Rac8 21.
Qxb6+ Ka8 22. Qxa6+ Kb8 23. Bd6+ Rc7 24. Bxc7+ Kxc7 25. O-O Kd7 26. Rad1+ Ke7
27. b5 g5 28. b6 g4 29. b7 h4 30. b8=Q Rxb8 31. Qa7+ Kf6 32. Qxb8 Kg5 33. Qg8+
Kf5 34. Qxf7+ Kg5 35. Qxe6 h3 36. Rd5+ Kf4 37. Qe3# 1-0

[Event "AUTO-INT-2585"]
[Site "http://www.queenalice.com/game.php?id=1160930"]
[Date "2013.3.14"]
[Round "1"]
[White "SFA1979"]
[Black "Rijo"]
[Result "0-1"]
[WhiteElo "1360"]
[BlackElo "1661"]

1. e4 e5 2. Nf3 Nf6 3. Nc3 Nc6 4. Bc4 h6 5. d4 Nxd4 6. Nxe5 d5 7. exd5 Bc5 8. d6
Be6 9. d7+ Nxd7 10. Qh5 Nxc2+ 11. Kf1 Nxa1 12. Bxe6 Nxe5 13. Bf4 g6 14. Qxe5
Qd3+ 15. Kg1 Bd4 16. Qxc7 fxe6 17. Bd6 Bf6 18. Be5 O-O 19. h4 Bxe5 20. Qxe5 Rae8
21. Qe4 Qd2 22. Qxb7 Qxf2+ 23. Kh2 Qxh4+ 24. Kg1 Qf2+ 25. Kh2 Rf7 26. Qb5 Ree7
27. Rf1 Qb6 28. Rxa1 Qxb5 29. Nxb5 a6 30. Nd6 Rf2 31. Ne4 Rxb2 32. a4 Rf7 33. a5
g5 34. Nc5 Ra7 35. Nxe6 g4 36. Rf1 Kh7 37. Nf8+ Kg7 38. Ne6+ Kg6 39. Nf4+ Kg5
40. Ne6+ Kg6 41. Nf4+ Kh7 42. Kg3 Rg7 0-1

[Event "AUTO-INT-2585"]
[Site "http://www.queenalice.com/game.php?id=1160931"]
[Date "2013.3.14"]
[Round "1"]
[White "Rijo"]
[Black "SFA1979"]
[Result "0-1"]
[WhiteElo "1546"]
[BlackElo "1474"]

1. e4 e5 2. Nf3 Nc6 3. Bc4 Nf6 4. Ng5 Bc5 5. Nxf7 Bxf2+ 6. Kxf2 Nxe4+ 7. Ke1
Qh4+ 8. g3 Nxg3 9. hxg3 Qxh1+ 10. Ke2 Qe4+ 11. Kf1 Qxc4+ 12. Qe2 Qxf7+ 13. Ke1
Nd4 14. Qxe5+ Ne6 15. Nc3 O-O 16. b3 Qf1# 0-1

[Event "AUTO-INT-2585"]
[Site "http://www.queenalice.com/game.php?id=1160932"]
[Date "2013.3.14"]
[Round "1"]
[White "SFA1979"]
[Black "JeanCanada"]
[Result "0-1"]
[WhiteElo "1421"]
[BlackElo "1397"]

1. e4 e5 2. Nf3 Nf6 3. d3 c5 4. Nxe5 d6 5. Nc4 Qe7 6. Nbd2 b5 7. Ne3 b4 8. c4
Ba6 9. Qf3 h5 10. e5 dxe5 11. Qxa8 Nd7 12. Qxa7 Rh6 13. Nf5 Qe6 14. Nxh6 gxh6
15. Be2 Qb6 16. Qxb6 Nxb6 17. Bxh5 Bb7 18. O-O Kd8 19. Bxf7 Ke7 20. Bh5 Bg7 21.
Ne4 Bxe4 22. dxe4 N8d7 23. Be3 Nxc4 24. b3 Nd6 25. a4 bxa3 26. Rxa3 Nxe4 27. Ra7
Nf6 28. Rc1 Kd6 29. Ra6+ Ke7 30. Bxc5+ Nxc5 31. Rxc5 Nd7 0-1

[Event "AUTO-INT-2585"]
[Site "http://www.queenalice.com/game.php?id=1160933"]
[Date "2013.3.14"]
[Round "1"]
[White "JeanCanada"]
[Black "SFA1979"]
[Result "1-0"]
[WhiteElo "1379"]
[BlackElo "1439"]

1. e4 e5 2. Nf3 Nc6 3. c4 Bc5 4. d3 Bb4+ 5. Bd2 d6 6. a3 Bc5 7. Bb4 Nxb4 8. axb4
Bxb4+ 9. Nc3 Bg4 10. Qa4+ Bd7 11. Qxb4 b6 12. Ra6 c5 13. Qa3 Bg4 14. Rxa7 Rb8
15. Qa4+ Bd7 16. Qa6 f6 17. Nd5 Nh6 18. Nc7+ Kf7 19. h4 Ng8 20. Nd5 Ne7 21. g3
Nc6 22. Bh3 Nxa7 23. Qxa7 Ra8 24. Qxd7+ Qxd7 25. Bxd7 1-0

[Event "AUTO-INT-2585"]
[Site "http://www.queenalice.com/game.php?id=1160934"]
[Date "2013.3.14"]
[Round "1"]
[White "SFA1979"]
[Black "Tuarek"]
[Result "0-1"]
[WhiteElo "1512"]
[BlackElo "1644"]

1. e4 e5 2. Nf3 d6 3. d4 Bg4 4. Nbd2 exd4 5. Bc4 Nf6 6. h3 Bh5 7. g4 Bg6 8. Qe2
Nc6 9. Nb3 Qe7 10. Ng5 Nxe4 11. Bxf7+ Bxf7 12. Nxe4 d5 13. Bg5 Qe5 14. Nf6+ gxf6
15. Bxf6 Qxe2+ 16. Kxe2 Rg8 17. Rhe1 Kd7 18. g5 Nb4 19. Nxd4 c5 20. Nf3 Nxc2 21.
Ne5+ Ke8 22. Kf1 Nxa1 23. Ng6+ Kd7 24. Nxf8+ Raxf8 25. Rxa1 Re8 26. b4 cxb4 27.
Rb1 Re4 28. a3 a5 29. h4 Rxh4 30. g6 Rh1+ 31. Ke2 Rxb1 32. gxh7 Re8+ 33. Kf3 Rh1
34. h8=Q Rexh8 35. Bxh8 Rxh8 36. axb4 axb4 37. Ke3 b3 38. Kd2 b2 39. Kc2 Rh2 40.
Kxb2 Rxf2+ 41. Kc3 b5 42. Kd3 Rb2 43. Kc3 Rb1 44. Kc2 Ra1 45. Kb2 Ra8 46. Kb3
Rc8 47. Kb4 d4 48. Kxb5 d3 49. Kb6 d2 50. Kb7 d1=Q 51. Kb6 Qb1+ 52. Ka5 Ra8# 0-1

[Event "AUTO-INT-2585"]
[Site "http://www.queenalice.com/game.php?id=1160935"]
[Date "2013.3.14"]
[Round "1"]
[White "Tuarek"]
[Black "SFA1979"]
[Result "1-0"]
[WhiteElo "1665"]
[BlackElo "1518"]

1. e4 e5 2. Nc3 Nc6 3. Nf3 Nf6 4. d3 Bc5 5. h3 Bb4 6. Bd2 d6 7. a3 Bxc3 8. Bxc3
Nd7 9. d4 f6 10. Bb5 a6 11. Bxc6 bxc6 12. dxe5 fxe5 13. O-O c5 14. Qe2 h6 15.
Rfd1 O-O 16. Qd2 Nf6 17. Qe3 Qe8 18. Ba5 Ra7 19. Rd3 Qb5 20. Bc3 Bb7 21. a4 Qc4
22. Nd2 Qf7 23. b3 Nxe4 24. Nxe4 Bxe4 25. Qxe4 Qxf2+ 26. Kh1 c6 27. Rd2 d5 28.
Rxf2 dxe4 29. Rxf8+ Kxf8 30. Bxe5 Rf7 31. Kg1 Rf5 32. Rf1 g6 33. Bd6+ Kg8 34.
Rxf5 1-0

[Event "Let's Play Chess!"]
[Site "http://www.queenalice.com/game.php?id=1165229"]
[Date "2013.3.27"]
[Round "-"]
[White "Ysolde"]
[Black "SFA1979"]
[Result "0-1"]
[WhiteElo "1512"]
[BlackElo "1514"]

1. e4 e5 2. Nf3 Nc6 3. Bb5 Nf6 4. d3 a6 5. Bxc6 bxc6 6. Nc3 d5 7. exd5 cxd5 8.
Bg5 d4 9. Bxf6 Qxf6 10. Nd5 Qd8 11. c4 Bg4 12. Qa4+ Bd7 13. Qa5 Bd6 14. Qd2 O-O
15. h4 c6 16. Nb4 Rb8 17. a3 Qe7 18. h5 h6 19. g4 a5 20. Nc2 Rxb2 21. g5 e4 22.
O-O-O Rfb8 23. Qe1 Rb1+ 24. Kd2 Bf4+ 25. Ne3 R1b2+ 26. Kc1 Rb1+ 27. Kd2 R8b2#
0-1

[Event "Let's Play Chess!"]
[Site "http://www.queenalice.com/game.php?id=1165230"]
[Date "2013.3.27"]
[Round "-"]
[White "SFA1979"]
[Black "Ysolde"]
[Result "0-1"]
[WhiteElo "1530"]
[BlackElo "1487"]

1. e4 e5 2. Nf3 Nc6 3. Bc4 Nf6 4. Ng5 d5 5. exd5 Nxd5 6. Qf3 Qxg5 7. Bxd5 Qf6 8.
Qxf6 gxf6 9. Bxc6+ bxc6 10. O-O Bf5 11. d3 Rg8 12. Nd2 Bh3 13. f3 Bxg2 14. Kf2
Bc5+ 15. Ke1 Bxf1 16. Nxf1 Rg1 17. f4 O-O-O 18. f5 Rdg8 19. Bd2 Bf2+ 20. Ke2
R8g2 21. Ne3 Bxe3+ 22. Kf3 Rxa1 23. Kxg2 Bxd2 24. a3 Bf4 25. Kh3 Rh1 26. b4
Rxh2+ 27. Kg4 h5+ 28. Kf3 Rxc2 29. Ke4 Re2+ 0-1

[Event "Challenge"]
[Site "http://www.queenalice.com/game.php?id=1165372"]
[Date "2013.3.27"]
[Round "-"]
[White "SFA1979"]
[Black "ReidoBaralho"]
[Result "0-1"]
[WhiteElo "1479"]
[BlackElo "1518"]

1. d4 d5 2. Nc3 c6 3. e4 Nf6 4. e5 Ng4 5. Nh3 Be6 6. f3 Nh6 7. f4 Nf5 8. g4 Nh4
9. g5 Bxh3 10. Bxh3 g6 11. b3 Bg7 12. Qe2 e6 13. Ba3 a6 14. O-O-O b5 15. Qg4 Nf5
16. Bb2 Ne3 17. Qf3 Nxd1 18. Rxd1 O-O 19. Kb1 a5 20. Bg4 a4 21. b4 Na6 0-1

[Event "Challenge"]
[Site "http://www.queenalice.com/game.php?id=1165373"]
[Date "2013.3.27"]
[Round "-"]
[White "ReidoBaralho"]
[Black "SFA1979"]
[Result "1-0"]
[WhiteElo "1536"]
[BlackElo "1465"]

1. e4 e5 2. Qh5 Nf6 3. Qxe5+ Qe7 4. Qc3 Nxe4 5. Qxc7 Ng3+ 6. Ne2 Nxh1 7. Qxc8+
Qd8 8. Qxb7 Qf6 9. Qc8+ Qd8 10. Qb7 Qf6 11. f3 Qh4+ 12. g3 Qxh2 13. Qc8+ Ke7 14.
Qc5+ d6 15. Qc7+ Nd7 16. d4 Qf2+ 17. Kd2 Qxf1 18. Nbc3 Qxf3 19. Nd5+ Qxd5 20. b3
Nxg3 21. Kd3 Qe4+ 22. Kc3 Nxe2+ 23. Kb2 Qxd4+ 24. Ka3 Nc3 25. Qc6 Nb5+ 26. Qxb5
Qxa1 27. Bg5+ f6 28. Qe2+ 1-0

[Event "Challenge"]
[Site "http://www.queenalice.com/game.php?id=1165450"]
[Date "2013.3.27"]
[Round "-"]
[White "SFA1979"]
[Black "nereu"]
[Result "0-1"]
[WhiteElo "1508"]
[BlackElo "1509"]

1. d4 g6 2. e4 Bg7 3. c3 b6 4. Bd3 d5 5. e5 e6 6. Nf3 Ne7 7. O-O O-O 8. Nbd2
Nbc6 9. b4 Bb7 10. Ng5 h6 11. Ngf3 Qd7 12. a4 a6 0-1

[Event "Challenge"]
[Site "http://www.queenalice.com/game.php?id=1165451"]
[Date "2013.3.27"]
[Round "-"]
[White "nereu"]
[Black "SFA1979"]
[Result "1-0"]
[WhiteElo "1523"]
[BlackElo "1452"]

1. e4 e5 2. Nf3 Nc6 3. Bc4 Nf6 4. Nc3 d6 5. O-O Bg4 6. d3 Nd4 7. Ne2 Bxf3 8.
gxf3 Nxf3+ 9. Kg2 Nh4+ 10. Kh1 d5 11. exd5 Nxd5 12. Ng3 f5 13. Qe2 Bd6 14. Bxd5
Ba3 15. Qxe5+ Be7 16. Qxg7 Qxd5+ 17. f3 O-O-O 18. Qxe7 Rde8 19. Qxh4 Re6 20. Bf4
Re3 21. Bxe3 1-0

[Event "Challenge"]
[Site "http://www.queenalice.com/game.php?id=1170974"]
[Date "2013.4.12"]
[Round "-"]
[White "busby101"]
[Black "SFA1979"]
[Result "0-1"]
[WhiteElo "1354"]
[BlackElo "1501"]

1. e4 e5 2. d4 Nf6 3. f3 d6 4. g3 g6 5. h4 b6 6. b4 Nc6 7. c3 Bg7 8. Nh3 O-O 9.
Bc4 exd4 10. b5 Nxe4 11. bxc6 Nxc3 12. Nxc3 dxc3 13. Qb3 Qe8+ 14. Kf2 Bd4+ 15.
Kg2 d5 16. Bxd5 Qe2+ 17. Nf2 Qxf2# 0-1

[Event "Challenge"]
[Site "http://www.queenalice.com/game.php?id=1170976"]
[Date "2013.4.12"]
[Round "-"]
[White "busby101"]
[Black "SFA1979"]
[Result "0-1"]
[WhiteElo "1353"]
[BlackElo "1511"]

1. e4 c5 2. Qh5 d6 3. Bc4 g6 4. Qd5 Nh6 5. d3 Nc6 6. Bb5 a6 7. Bxc6+ bxc6 8.
Qxc6+ Bd7 9. Qb7 Bg7 10. Nh3 O-O 11. O-O e5 12. Nc3 Be6 13. Nd5 Bxd5 14. exd5
Qh4 15. Bg5 Qa4 16. Be7 Rfb8 17. Qc7 Nf5 18. Bxd6 Nxd6 19. Qxd6 Qxc2 20. b3 e4
21. dxe4 Bxa1 22. Rxa1 Rc8 23. Qf6 Qxe4 24. d6 Re8 25. Kf1 Re6 26. Qf3 Rae8 27.
Qc3 Qe2+ 28. Kg1 Qe1+ 0-1